000 00568nam a2200181Ia 4500
005 20250508154734.0
008 008 250505s9999 xx 000 0 eng d
037 _aTextual
040 _aFEDL
_beng
_cFEDL
041 _aeng
_2eng
084 _a371.92, EGG
_qFEDL
100 _aEgg Maria
_9765971
245 0 _aWhen a child is different: A basic guide for parents and friends of mentally retarded children
260 _aLondon, UK
_bGeorge Allen and Unwin Ltd.
_c1964
300 _a155p.
942 _cTEXL
_h371.92, EGG
999 _c1351893
_d1351893